Estadísticas para Estados de EE. UU. que comienzan con la letra N

Haz click aquí para intentar la prueba.

Estadísticas generales

  • Esta prueba ha sido intentada 2.151 veces
  • La puntuación promedio es 5 de 6

Estadísticas de respuestas

Estado% Correcto
Nueva York
90%
Nevada
85%
Nebraska
84%
Nueva Jersey
80%
Nuevo México
77%
Nuevo Hampshire
71%

Distribución de puntuación

Porcentaje por número respondido

Porcentaje de gente con cada puntuación

Historial de tus puntuaciones

No has intentado esta prueba.